Last names from Lost - Statistics

General Stats
  • This quiz has been taken 852 times
  • The average score is 12 of 15
Answer Stats
Hint Answer % Correct
John Locke
99%
Benjamin Linus
91%
Hugo "Hurley" Reyes
90%
James "Sawyer" Ford
89%
Desmond Hume
84%
Kate Austen
83%
Sun-Hwa Kwon
83%
Jin-Soo Kwon
83%
Daniel Faraday
80%
Sayid Jarrah
78%
Jack Shephard
78%
Claire Littleton
77%
Charlie Pace
77%
Richard Alpert
74%
Juliet Burke
68%
No matching quizzes found
Score Distribution
Percent of People with Each Score
Percentile by Number Answered
Your Score History
You have not taken this quiz